000 00257 a2200097 4500
020 _a9781526685599
100 _aRutger Bregman
245 _aMoral ambition: stop wasting your talent and start making a difference
260 _bBloomsbury
_c2025
942 _cOO
999 _c116071
_d116070